000 00297nam a22001337a 4500
008 170804b xxu||||| |||| 00| 0 eng d
020 _a9781578200771
041 _aeng
080 _a004
100 _a33
101 _aSHKI
245 _aAFTER EFFECTS IN PRODUCTION
_cMEYER, CH
942 _2udc
_cBK
999 _c22687
_d22687